000 02192nam0a2200337 4500
001 RU\NLR\BIBL_A\012014512
005 20190628113614.0
010 _a978-5-6042124-3-1
_9170
021 _aRU
_bКН-П-19-028913
_9КН-П-19-2177
035 _a(NLR Aleph) 012014512
035 _a(RuMoRGB)009960725
090 _a11466954
_c11466954
100 _a20190517d2018 k y0rusy50 ca
101 0 _arus
102 _aRU
105 _ay|||z|||110zy
200 1 _aМатериалы мероприятия "Научно-аналитический студенческий юридический центр спортивного права "Sportlex" проекта № 3 "Фестиваль науки"
_fМинистерство науки и высшего образования Российской Федерации, Федеральное государственное бюджетное образовательное учреждение высшего образования "Тамбовский государственный университет имени Г.Р. Державина", [Научно-аналитический студенческий юридический центр спортивного права Sportlex]
210 _aТамбов
_cПринт-Сервис
_d2018
215 _a179 с.
_d20
300 _aНа обл.: Тамб. гос. ун-т им. Г.Р. Державина, 100 лет
320 _aБиблиогр. в подстроч. примеч.
606 1 _aФизическая культура и спорт
_xПравовые вопросы
_yРоссийская Федерация
_jСборники
_2nlr_sh1
_2nlr_sh2
_3RU\NLR\AUTH\661297798
686 1 _aЧ514(0)бя43
686 1 _aХ621.154.4я43
710 1 2 _a"Научно-аналитический студенческий юридический центр спортивного права "Sportlex" проекта № 3 "Фестиваль науки", мероприятие
_f2018
_eТамбов
_3RU\NLR\AUTH\880502029
942 _cBOOK
980 _aNBR
980 _aNB